| 000 | 00688na a2200205 4500 | ||
|---|---|---|---|
| 001 | 15942 | ||
| 003 | MIRAKIL | ||
| 005 | 20181213154811.0 | ||
| 008 | 161008b tu 000 0 | ||
| 040 |
_aMilas _btur _cTR-AnCHP |
||
| 082 |
_a328.561 _bT15t [1971?] |
||
| 090 | _a328.561 T15t [1971?] | ||
| 110 | _aTürkiye Büyük Millet Meclisi (TBMM) | ||
| 245 |
_aT.B.M.M. Millet Meclisi albümü _bDönem: II toplantı: 1 Mart 1970 _cTürkiye Büyük Millet Meclisi (TBMM) |
||
| 246 | _aDönem: II toplantı: 1 Mart 1970 | ||
| 260 |
_aAnkara _bTürkiye Büyük Millet Meclisi (TBMM) _c[1971?] |
||
| 300 |
_a163 s. _bfotğ. _c17 sm. |
||
| 610 |
_aTBMM _xAlbümler _y1970 |
||
| 942 |
_2ddc _cBKS |
||
| 999 |
_c1066 _d1066 |
||